000 00667nam a2200193 i 4500
001 35944
003 ES-MaACL
005 20230906155243.0
007 t|
008 030214s1907 fr ||||1| fre d
100 1 _aBroggi, Ugo.
_931872
245 1 0 _aTraité des assurances sur la vie avec développements sur le calcul des probabilités /
_cpar Ugo Broggi ; traduit d l'italien par S. Lattes ; avec une préface de M. Achard.
260 _aParís :
_bA. Hermann,
_c1907 (
_eSaint Amand :
_fBussiére)
300 _aXI, 306 p. ;
_c20 cm.
700 1 _aLattes, S.
_970567
700 1 _aAchard, M.
_918262
852 _aES-MaACL
_jF-8510
852 _aES-MaACL
_jF-3149
999 _c35944
_d35944